|
|
|
|
| LEADER |
00000nam0a2200000 4500 |
| 001 |
29785 |
| 005 |
20231101205931.0 |
| 010 |
|
|
|a 59337063X
|
| 035 |
|
|
|a (RuTPU)RU\TPU\book\30051
|
| 035 |
|
|
|a BOOK00000052
|
| 090 |
|
|
|a 29785
|
| 100 |
|
|
|a 20011209d2001 km y0rusy50 ca
|
| 101 |
0 |
|
|a rus
|
| 102 |
|
|
|a RU
|
| 105 |
|
|
|a a g 000zy
|
| 200 |
1 |
|
|a Кабельные изделия
|e справочник
|f И. И. Алиев
|
| 210 |
|
|
|a Москва
|c РадиоСофт
|d 2001
|
| 215 |
|
|
|a 224 с.
|c ил.
|
| 320 |
|
|
|a Библиогр.: с. 221.
|
| 451 |
|
1 |
|0 (RuTPU)RU\TPU\book\51965
|y 5-93037-063-X
|t Кабельные изделия
|o Справочник
|f И. И. Алиев, С. Б. Казанский
|c Москва
|n РадиоСофт
|d 2002
|p 224 с.
|a Алиев, Исмаил Ибрагимович
|
| 606 |
|
|
|a Кабели
|2 stltpush
|3 (RuTPU)RU\TPU\subj\13330
|9 39949
|
| 610 |
1 |
|
|a кабельные изделия
|
| 610 |
1 |
|
|a шнуры
|
| 610 |
1 |
|
|a провода
|
| 610 |
1 |
|
|a шины
|
| 610 |
1 |
|
|a металлические жилы
|
| 610 |
1 |
|
|a оптические кабели
|
| 610 |
1 |
|
|a справочники
|
| 675 |
|
|
|a 621.315.2(035)
|v 3
|
| 700 |
|
1 |
|a Алиев
|b И. И.
|g Исмаил Ибрагимович
|
| 801 |
|
0 |
|a RU
|b 63413507
|c 20011209
|g PSBO
|
| 801 |
|
2 |
|a RU
|b 63413507
|c 20211007
|g PSBO
|
| 942 |
|
|
|c BK
|